00463nam a2200193 a 4500001001300000003000900013005001700022008004100039020001000080082001600090100001500106245001900121260003700140300000800177500003500185505001100220650002300231700001500254nice12345678IN_TiNIC20260116012333.0050524s1912 beia grp 000 0 ara  ac10000a232.96bAYS aAysa, Abid aSalib Al-Masih aBeirutbAmeer Kaniya Pressc1912 a75p aincludes index and biblioraphy2 aIndedx aJesus Christ-Death1 aAysa, Abid